000 00771nam a2200289Ia 4500
005 20260324122658.0
008 008 260324s9999 xx 000 0 eng d
020 _a9780203108116
037 _aEBOOK
040 _aCRL
040 _beng
040 _cCRL
041 _2eng
041 _aeng
084 _qCRL
100 _aMatthias Fink; Stephan Loidl; Richard Lang
_91167382
245 0 _aCommunity-based Entrepreneurship and Rural Development
245 0 _bCreating Favourable Conditions for Small Businesses in Central Europe
260 _bTaylor and Francis
260 _c2012
365 _a
365 _b240
856 _uhttp://www.taylorfrancis.com/books/9780203108116
942 _cEBOOK
999 _c1760316
_d1760316